[Event "OP-2020-0-05052"]
[Site "LSS email"]
[Date "2020.11.10"]
[Round "?"]
[White "Jokmin, Guido"]
[Black "Heiser, Jerome"]
[Result "0-1"]
[WhiteElo "702"]
[BlackElo "474"]
[PlyCount "77"]
[EventDate "2020.11.10"]
[EventType "tourn (corr)"]
[EventRounds "4"]
[EventCountry "GER"]
[SourceTitle "Corr 2022"]
[Source "ChessBase"]
[SourceDate "2021.10.24"]
[SourceVersion "1"]
[SourceVersionDate "2021.10.24"]
[SourceQuality "1"]

1. e4 e5 2. Nf3 Nc6 3. Bc4 h6 4. c3 Nf6 5. d4 Nxe4 6. 0-0 d5 7. Bb5 Bg4 8. dxe5 Be7 9. Nbd2 a6 10. Ba4 b5 11. Bc2 0-0 12. Nxe4 dxe4 13. Bxe4 Rb8 14. Bxc6 Qxd1 15. Rxd1 Bxf3 16. Bxf3 f5 17. Bf4 g5 18. Be3 f4 19. Bc1 Rbd8 20. b4 Rxd1+ 21. Bxd1 Rd8 22. Bb2 Rd2 23. Rb1 c5 24. Bf3 cxb4 25. cxb4 Bxb4 26. a3 Bc5 27. Kf1 Bxf2 28. Rd1 Rxb2 29. e6 Kf8 30. Rd6 a5 31. Ra6 a4 32. Rc6 Be3 33. Rc7 Rb1+ 34. Ke2 Rb2+ 35. Kd1 Rd2+ 36. Ke1 b4 37. axb4 a3 38. Ra7 Bxa7 39. Kxd2 0-1